000 01084nam a2200277 a 4500
001 74574
003 BD-RjUL
005 20211209082554.0
008 181029s2011 bg ||||| |||| 00| 0 ben d
020 _a9847009601484
_c: 500.00
035 _a(BD-RjUL)74792
040 _aBD-RjUL
_bben/eng
_cBD-RjUL
_dBD-RjUL
041 _aben
082 _223
_a370.92
_bALD 2011
100 1 _aআলী, ওয়াজেদ
_9224361
245 1 0 _aডায়েরীর পাতা :
_b(একটি আত্মজৈবনিক গ্রন্থ ) /
_cওয়াজেদ আলী
260 _aঢাকা :
_bতাম্রলিপি,
_c২০১১
300 _a৪০৭ পৃ. ;
_c২৪ সেমি.
490 _aতাম্রলিপি ;
_v১৪৮
600 _aআলী, ওয়াজেদ
_xজীবনী
_9236032
600 _aAli, Wazed
_xBiography
_9236033
650 _aশিক্ষাবিদ
_xজীবনী
_9224363
650 _aEducator
_xBiography
_9224364
830 _aতাম্রলিপি ;
_v১৪৮
_9236024
942 _2ddc
_cBK
999 _c74574
_d74574